Guess the Language - Statistics

General Stats
  • This quiz has been taken 59 times
  • The average score is 8 of 14
Answer Stats
Hint Answer % Correct
Good morning. What's up? English
100%
Buenos días. Como te va? Spanish
98%
おはよう。調子はどう? Japanese
89%
Chào buổi sáng. Dạo này bận thế nào? Vietnamese
87%
Bom dia. Como vai? Portuguese
85%
शुभ प्रभात। ये कैसा चल रहा है Hindi
81%
God morgen. Hvordan går det? Norwegian
79%
Dzień dobry. Jak leci? Polish
75%
ສະ​ບາຍ​ດີ​ຕອນ​ເຊົ້າ. ເປັນແນວໃດ? Lao
38%
Bonan matenon. Kiel vi fartas? Esperanto
25%
Rimaykullayki. ¿Imaynataq pasachkan? Quechua
19%
Egun on. Zer moduz? Basque
17%
Ụtụtụ ọma. Kedu ka ọ si aga? Igbo
15%
Subax wanaagsan. Sidee u socotaa? Somali
9%
No matching quizzes found
Score Distribution
Percent of People with Each Score
Percentile by Number Answered
Your Score History
You have not taken this quiz